Haikyuu! Anime Series Quiz #2 - Statistics

General Stats
  • This quiz has been taken 1,176 times
  • The average score is 14 of 41
Answer Stats
Question/Clue Answer % Correct
What is the jersey number of the player who attacked the ball in Kageyama's face? 3
81%
In what episode of Season 2 did they start using their new opening and closing song? Episode 14
74%
Haiba Lev is half-Japanese half? Russian
73%
How many official members does the Yukigaoka Junior High Volleyball Club have before Hinata graduated? 4
72%
What color is Yachi's hair? Yellow
71%
How many episodes does Season 1 have? 25
69%
Who was pulled out of the game after an injury at the last part of the first set of Karasuno and Wakunan match?/ Daichi Sawamura
68%
Nishinoya's first appearance of the show was him receiving which player's serve? Kageyama Tobio
67%
What is Yamaguchi's position aside from being a pinch server? Middle Blocker
58%
Bonus Question: Guess my favorite player from Karasuno! Nishinoya Yu
57%
What new object did Tsukishima get from his brother which Hinata noticed in their Johzenji match? Eyeglasses
56%
What does Hinata also call Oikawa? The Great King
50%
Some members of Karasuno mistaken a transmission tower for? Tokyo Tower
49%
What color is Fukurodani's jersey? (dominant color) Blue Green
48%
Who desperately tries to get Kiyoko's number? Yuji Terushima
48%
Who helped Hinata and Kageyama reach the Tokyo Practice Games after their make-up exams? Saeko Tanaka
44%
What does Hinata call a "special attack" which he learned from Bokuto? Feint
43%
What is the punishment for every set loss in the first Tokyo Training Camp in Nekoma? One Lap of Diving Drills
39%
What broken thing in the stockroom did Sugawara insist on not throwing because of its memories Floor Mop
33%
Who paired up with Sugawara in the match against Johzenji when Kageyama and Hinata were pulled out? Kazuhito Narita
31%
Yutaro Kindaichi is also called _______ because of the shape of his head Turnip Head
30%
What is the most common thing used as target materials for practicing service, attacks and sets? Plastic Bottles
29%
After the Summer Training Camp, what did the players and the staff eat as offered by Nekomata? Barbecue
28%
What specific volleyball skill is Ubugawa good at? Service
28%
What type of practice does Johzenji usually do? Two-On-Two
27%
The two meter first year. Yudai Hyakuzawa
23%
Wakunan's team captain whom always his family watching his games Takeru Nakashima
21%
How many sets did Karasuno lose in the Summer Training Camp? 63
17%
Johzenji's 3rd year manager Hana Misaki
17%
What is Johzenji's tagline in their banners? Simplicity and Fortitude
17%
What is the score of the third set of the Seijo-Karasuno match in the Inter High Prelims? (Higher-Lower) 33-31
14%
The second Tokyo Away Games was held in? Shinzen High School
10%
From what team is the two meter first year? Kakugawa High
9%
What is the name of the arena the Spring Tournament Qualifiers is being held? Sendai City Gymnasium
8%
Johzenji's 1st year manager Runa Kuribayashi
6%
The team full of tough guys whom Karasuno beat first in the Spring High qualifiers Ougiminami High School
5%
Aside from Wakutani Minami, Wakunan is also called? Wakutani South High School
5%
The tough guys team present captain whom Hinata met along the toilet Yoshiki Towada
4%
The former captain of the tough guys team who has a weird hair bun and motivates his team to stop acting tough Noboru Akimiya
3%
Tanaka-like long-haired guy from Wakunan. Wearing number 2 Shunki Kawatabi
3%
When a player plays Wing Spiker in the front line, he is called a? Vanguard
3%
No matching quizzes found
Score Distribution
Percent of People with Each Score
Percentile by Number Answered
Your Score History
You have not taken this quiz